| 000 | 00760nam a2200241Ia 4500 | ||
|---|---|---|---|
| 008 | 191130s2004##################000#0#eng## | ||
| 020 | _a9780521456906 | ||
| 040 |
_aACL _cACL |
||
| 082 | _a302.4 CRO | ||
| 100 | _aCrosby, Alfred W | ||
| 245 |
_aEcological imperialism : the biological expansion of Europe, 900-1900 _cAlfred W. Crosby |
||
| 250 | _a2nd ed | ||
| 260 |
_aCambridge _bCambridge University Press _c2004 |
||
| 300 | _axxii, 368 p. : ill., maps ; 24 cm | ||
| 500 | _aIncludes bibliographical references (p. 312-360) and index | ||
| 650 | _aBiogeography | ||
| 650 | _aEuropeans - Migrations | ||
| 650 | _aHuman ecology | ||
| 650 | _aHuman geography | ||
| 990 | _a1ac2771eac10000c2e55f8dac75ed7a5 | ||
| 991 | _a145304 | ||
| 999 |
_c257827 _d257827 |
||